000 00226nam a2200085Ia 4500
008 170620s9999 xx 000 0 und d
100 _aChaddha- Satish C.
245 0 _aTeaching of English
260 _bMeerut- International Publishing House
260 _c2005
999 _c23866
_d23866